Statistiques concernant Grands lieux de pélerinage dans le monde

Cliquez ici pour prendre le quiz!

Statistiques générales

  • Ce quiz a été pris 32 fois
  • Le résultat moyen est 6 sur 30

Statistiques - réponses

Indice 1Indice 2Indice 3Réponse% Correct
Ka'baObligatoireMahometLa Mecque
72%
PyrénéesMiraclesBernadetteLourdes
72%
3 religionsAsieIsraëlJérusalem
69%
CheminsEspagneCoquilleSaint-Jacques-de-Compostelle
52%
UrbsItaliePierreVatican
45%
Allemagne4 reliquesCharlemagneAix-la-Chapelle
38%
622CalendrierTombeauMédine
38%
XXe siècleApparitionProphétieFatima
31%
NormandieIleArchangeMont-Saint-Michel
31%
SaintesProvenceGitansSaintes-Marie-de-la-Mer
31%
ThérèseCalvadosCarmelLisieux
28%
EscarpéLotVierge noireRocamadour
28%
GangeIndeBainBénarès
14%
Eure-et-LoirPéguyViergeChartres
14%
AlsaceMur païenSourceMont-Saint-Odile
14%
ViergeIconePologneCzestochowa
7%
TunisieJudaïsmeLag Ba'omerGhriba
7%
NaissanceEveilléNépalLumbini
7%
LupitaMexiqueViergeNotre-Dame-de-Guadalupe
7%
ReliquesRoisEpiphanieCologne
3%
Hussein ben AliAchouraIrakKerbala
3%
Harrar2 religionsEthiopieKulibi
3%
ApparitionCroates1981Medugorje
3%
VolcanMonastèreBirmanieMont Popa
3%
EuphrateChiiteMausoléeNadjaf
3%
3 religionsMiraclesMonténégroOstrog
3%
1er homme4 religionsSri LankaPic d'Adam
3%
BrésilViergeJean-Paul IIAparecida
0%
SentiersPéninsuleJaponKii
0%
ItalieMaisonViergeLorette
0%

Distribution des résultats

Percentile par nombre de réponses

% des personnes avec chaque résultat

Votre développement - résultats

Vous n’avez pas pris ce quiz